DIPIRO'S PHARMACOTHERAPY (Record no. 26450)

MARC details
000 -LEADER
fixed length control field 00353nam a22001577a 4500
003 - CONTROL NUMBER IDENTIFIER
control field SGT
020 ## - INTERNATIONAL STANDARD BOOK NUMBER
International Standard Book Number 9781264264544
082 ## - DEWEY DECIMAL CLASSIFICATION NUMBER
Classification number 615.58
Item number D23D
100 ## - MAIN ENTRY--PERSONAL NAME
Personal name DIPIRO, JOSEPH. T ,ed.
245 ## - TITLE STATEMENT
Title DIPIRO'S PHARMACOTHERAPY
250 ## - EDITION STATEMENT
Edition statement 12TH
260 ## - PUBLICATION, DISTRIBUTION, ETC. (IMPRINT)
Place of publication, distribution, etc NEW YORK
Name of publisher, distributor, etc MC,GRAW HILL
Year of Publication 2023
300 ## - PAGE DESCRIPTION
No. of Pages 2618
653 ## - KEYWORDS--INDEX TERM
Keyword term PHARMACOTHERAPY
942 ## - ADDED ENTRY ELEMENTS (KOHA)
Source of classification or shelving scheme Dewey Decimal Classification
Koha item type Books
Holdings
Withdrawn status Lost status Source of classification or shelving scheme Damaged status Use restrictions Not for loan Collection code Home library Current library Shelving location Date acquired Vendor Name Cost, normal purchase price SGTU Bill Number Full call number Accession No. (Barcode) Date last seen Bill Date Koha item type
    Dewey Decimal Classification   Restricted Access   PHARMACY SGT FA-FP Library SGT FA-FP Library Reference Book 30/05/2024 AHUJA PUBLICATION 11000.00 SGTU 18906 615.58 D23D FP4831 30/05/2024 08/05/2024 Books
    Dewey Decimal Classification   Restricted Access   PHARMACY SGT FA-FP Library SGT FA-FP Library Reference Book 30/05/2024 AHUJA PUBLICATION 11000.00 SGTU 18906 615.58 D23D FP4832 30/05/2024 08/05/2024 Books
    Dewey Decimal Classification   Restricted Access   PHARMACY SGT FA-FP Library SGT FA-FP Library Reference Book 30/05/2024 AHUJA PUBLICATION 11000.00 SGTU 18906 615.58 D23D FP4833 30/05/2024 08/05/2024 Books